[Event "CrunchLab Masters Div 3 W"]
[Site "chess.com INT"]
[Date "2024.07.19"]
[Round "2.2"]
[White "Iniyan, Pa"]
[Black "Bortnyk, Olexandr"]
[Result "1-0"]
[WhiteTitle "GM"]
[BlackTitle "GM"]
[WhiteElo "2533"]
[BlackElo "2608"]
[WhiteFideId "25002767"]
[BlackFideId "14120828"]
[EventDate "2024.07.19"]
[EventType "k.o."]

1. d4 Nf6 2. c4 b6 3. Nc3 Bb7 4. Qc2 g6 5. e4 d6 6. Nf3 Bg7 7. Be2 O-O 8. O-O
Nc6 9. Rd1 Qc8 10. d5 Nb4 11. Qb1 a5 12. a3 Na6 13. b4 e6 14. Nd4 exd5 15. cxd5
Re8 16. Bb5 Re7 17. Nc6 Bxc6 18. Bxc6 Rb8 19. f3 Nd7 20. Qb3 Ne5 21. Bb5 h6 22.
Be3 Ra8 23. Rac1 axb4 24. axb4 Nb8 25. Be2 Qe8 26. Nb5 Na6 27. Bd4 f5 28. f4 Ng4
29. e5 Kh7 30. e6 Nf6 31. Ra1 Nxb4 32. Rxa8 Qxa8 33. Bxf6 Bxf6 34. Qxb4 Qa2 35.
Qc4 Qb2 36. Nxc7 g5 37. fxg5 hxg5 38. Bd3 Kg7 39. Bxf5 Be5 40. Nb5 Bf4 41. Bd3
Be3+ 42. Kh1 Qf2 43. Qe4 Kg8 44. Qg6+ Rg7 45. Qe8+ 1-0

[Event "CrunchLab Masters Div 3 W"]
[Site "chess.com INT"]
[Date "2024.07.19"]
[Round "2.2"]
[White "Kuzubov, Yuriy"]
[Black "Alekseev, Evgeny"]
[Result "0-1"]
[WhiteTitle "GM"]
[BlackTitle "GM"]
[WhiteElo "2606"]
[BlackElo "2550"]
[WhiteFideId "14112906"]
[BlackFideId "4138147"]
[EventDate "2024.07.19"]
[EventType "k.o."]

1. d4 Nf6 2. Nf3 e6 3. c4 d5 4. Nc3 Bb4 5. Bg5 Nbd7 6. cxd5 exd5 7. Nd2 c6 8. e3
O-O 9. Bd3 Re8 10. Qc2 Nf8 11. O-O Ng6 12. Rae1 h6 13. Bxf6 Qxf6 14. f4 Nh4 15.
f5 Qg5 16. Nf3 Nxf3+ 17. Rxf3 Qf6 18. Qf2 Bd7 19. Kh1 Rac8 20. g4 Bxc3 21. bxc3
c5 22. Rg1 cxd4 23. cxd4 Rc3 24. Bb1 Rec8 25. Qe1 Ba4 26. h4 Rc1 27. Qg3 Rxg1+
28. Kxg1 Qb6 29. Bd3 Bc2 30. Bxc2 Rxc2 31. g5 Rc1+ 32. Kg2 Qb1 33. Rf2 Rg1+ 0-1

[Event "CrunchLab Masters Div 3 W"]
[Site "chess.com INT"]
[Date "2024.07.19"]
[Round "2.2"]
[White "Santos Latasa, Jaime"]
[Black "Sargsyan, Shant"]
[Result "1/2-1/2"]
[WhiteTitle "GM"]
[BlackTitle "GM"]
[WhiteElo "2631"]
[BlackElo "2649"]
[WhiteFideId "2293307"]
[BlackFideId "13306766"]
[EventDate "2024.07.19"]
[EventType "k.o."]

1. e4 e5 2. Nf3 Nc6 3. Bb5 a6 4. Ba4 Nf6 5. O-O Be7 6. Re1 b5 7. Bb3 O-O 8. a4
b4 9. d3 d6 10. Nbd2 Na5 11. Ba2 c5 12. c3 Rb8 13. d4 Qc7 14. d5 c4 15. Bb1 b3
16. Nf1 Bd7 17. h3 Nb7 18. g4 Nc5 19. a5 Rb5 20. Ng3 Rxa5 21. Rxa5 Qxa5 22. g5
Ne8 23. Nf5 Bd8 24. h4 Qa1 25. Nd2 f6 26. gxf6 Rxf6 27. h5 g6 28. Ne3 gxh5 29.
Nexc4 Rg6+ 30. Kh1 Nf6 31. f3 Be7 32. Na3 Ba4 33. Ndc4 Nfd7 34. Rg1 Kf7 35. Be3
Bb5 36. f4 Bxc4 37. Nxc4 Qa4 38. Qf1 exf4 39. Qxf4+ Rf6 40. Qg5 Rg6 41. Qf5+ Nf6
42. Bxc5 Qxc4 43. Qe6+ Kf8 44. Bxd6 Rxg1+ 45. Kxg1 Ng8 46. Bxe7+ Nxe7 47. Qh6+
Kg8 48. Qxh5 Qc5+ 49. Kg2 Ng6 50. Qg5 Kg7 51. Bd3 a5 52. Kf1 a4 53. e5 Qxd5 54.
Qf6+ Kh6 55. Bxg6 hxg6 56. e6 Qd1+ 57. Kf2 Qd2+ 58. Kf3 Qd3+ 59. Kf4 Qf1+ 60.
Ke5 Qb5+ 61. Kd4 a3 62. Qf8+ Kg5 63. Qxa3 Kf6 64. Qd6 g5 65. e7+ Kf7 66. Qd5+
Qxd5+ 67. Kxd5 Kxe7 68. Ke5 Kd7 69. Kf5 Kd6 70. Kxg5 Ke5 71. Kg4 Ke4 72. Kg3 Kd3
73. Kf2 Kc2 74. c4 Kxb2 75. c5 Ka2 76. c6 b2 77. c7 b1=Q 78. c8=Q Qb2+ 79. Ke3
Qb3+ 80. Kd2 Qb2+ 81. Qc2 Qxc2+ 82. Kxc2 1/2-1/2

[Event "CrunchLab Masters Div 3 W"]
[Site "chess.com INT"]
[Date "2024.07.19"]
[Round "2.2"]
[White "Svane, Rasmus"]
[Black "Anton Guijarro, David"]
[Result "1/2-1/2"]
[WhiteTitle "GM"]
[BlackTitle "GM"]
[WhiteElo "2633"]
[BlackElo "2669"]
[WhiteFideId "4657101"]
[BlackFideId "2285525"]
[EventDate "2024.07.19"]
[EventType "k.o."]

1. Nf3 d5 2. d4 e6 3. Bf4 c5 4. c3 Nf6 5. e3 Nc6 6. Nbd2 cxd4 7. exd4 Nh5 8. Be3
Bd6 9. Bd3 Nf4 10. Bxf4 Bxf4 11. O-O O-O 12. Re1 Bd7 13. Nb3 Qc7 14. Nc5 Rae8
15. Qc2 g6 16. Nxd7 Qxd7 17. Rad1 Kg7 18. g3 Bd6 19. h4 h5 20. Re2 Qc7 21. Kg2
Be7 22. Rde1 Bf6 23. Bb5 a6 24. Bxc6 bxc6 25. b4 a5 26. a3 Ra8 27. Nd2 axb4 28.
axb4 Be7 29. Nb3 Bd6 30. Qc1 Qe7 31. Na5 Rfc8 32. Qe3 c5 33. bxc5 Bxc5 34. Nb3
Bd6 35. Rc2 Qf6 36. Nc1 Qf5 37. Qd3 Ra1 38. Qxf5 gxf5 39. Nd3 Rxe1 40. Nxe1 f4
41. Nd3 fxg3 42. fxg3 Kg6 43. Kf3 Kf5 44. Nc1 Ra8 45. Ne2 Ra1 46. Rb2 f6 47. Rb6
Bc7 48. Rc6 Ra7 49. c4 dxc4 50. Rxc4 Ra3+ 51. Rc3 Rxc3+ 52. Nxc3 Ba5 53. Nd1 Bb6
54. Ne3+ Kg6 55. Ke4 Bc7 56. Kf3 Bb6 57. Ke4 Bc7 58. Kf3 Bb6 1/2-1/2

[Event "CrunchLab Masters Div 3 W"]
[Site "chess.com INT"]
[Date "2024.07.19"]
[Round "2.3"]
[White "Alekseev, Evgeny"]
[Black "Kuzubov, Yuriy"]
[Result "0-1"]
[WhiteTitle "GM"]
[BlackTitle "GM"]
[WhiteElo "2550"]
[BlackElo "2606"]
[WhiteFideId "4138147"]
[BlackFideId "14112906"]
[EventDate "2024.07.19"]
[EventType "k.o."]

1. e4 c5 2. Nf3 Nc6 3. d4 cxd4 4. Nxd4 g6 5. c4 Nf6 6. Nc3 d6 7. f3 Bg7 8. Be3
Nd7 9. Qd2 Nc5 10. Be2 Bd7 11. O-O a5 12. Ndb5 O-O 13. Rfd1 b6 14. Nd5 Be6 15.
Rac1 a4 16. Rb1 Na5 17. Qc2 Bd7 18. b4 axb3 19. axb3 e6 20. Ndc3 Bxb5 21. Nxb5
Nc6 22. Rxd6 Qc8 23. b4 Na6 24. Qd2 Be5 25. c5 Naxb4 26. cxb6 Ra2 27. Qd1 Bxd6
28. Nxd6 Qb8 29. Bc4 Rc2 30. Bc5 Rd8 31. Qe1 Rxd6 32. Bxd6 Qxd6 33. Bf1 Qc5+ 34.
Kh1 Qxb6 35. Qd1 Qf2 36. Ra1 Qd2 37. Qb1 Nd4 38. h3 Kg7 39. Ra8 Rc1 0-1

[Event "CrunchLab Masters Div 3 W"]
[Site "chess.com INT"]
[Date "2024.07.19"]
[Round "2.3"]
[White "Anton Guijarro, David"]
[Black "Svane, Rasmus"]
[Result "1/2-1/2"]
[WhiteTitle "GM"]
[BlackTitle "GM"]
[WhiteElo "2669"]
[BlackElo "2633"]
[WhiteFideId "2285525"]
[BlackFideId "4657101"]
[EventDate "2024.07.19"]
[EventType "k.o."]

1. e4 e5 2. Nf3 Nc6 3. Bc4 Bc5 4. c3 Nf6 5. d4 exd4 6. e5 d5 7. Bb5 Ne4 8. cxd4
Bb6 9. Nc3 O-O 10. Be3 Bg4 11. h3 Bh5 12. Qc2 Nxc3 13. bxc3 f6 14. Bxc6 bxc6 15.
exf6 Qxf6 16. Ne5 Qe6 17. O-O c5 18. f4 Bg6 19. Qa4 cxd4 20. cxd4 Be4 21. Rac1
Qe7 22. Kh2 Rad8 23. Qd1 Rd6 24. Qg4 Bf5 25. Qg3 Qe8 26. Qf2 Be4 27. Qb2 Rdf6
28. Qe2 Qa4 29. Qd1 Qxa2 30. Rf2 Qa3 31. Re2 Qe7 32. Qa4 h5 33. Nd7 Rxf4 34.
Bxf4 Rxf4 35. Nxb6 axb6 36. Qc6 Rf7 37. Rc3 h4 38. Rce3 Rf6 39. Qxd5+ Bxd5 40.
Rxe7 c6 41. R7e5 Rf4 42. Rg5 Kf7 43. Rg4 Rxg4 44. hxg4 b5 45. g3 hxg3+ 46. Kxg3
b4 47. Kf4 b3 48. Ke5 Kg6 49. Kf4 Kf6 50. g5+ Kg6 51. Rb2 Bc4 52. Rb1 Bd5 53.
Rc1 Kf7 54. Rb1 Ke6 55. Rc1 Kd6 56. Ke3 Ke6 57. Kf4 Kd6 58. Ke3 Kd7 59. Rf1 Ke6
60. Kf4 Kd6 61. Ke3 Ke7 62. Rb1 Be6 63. Kf4 Kd6 64. Ke4 g6 65. Rb2 Bf5+ 66. Ke3
Bc2 67. Kd2 c5 68. dxc5+ Kxc5 69. Rxc2+ bxc2 70. Kxc2 Kc4 71. Kd2 Kd4 72. Ke2
Ke4 73. Kf2 Kf4 74. Kg2 Kg4 75. Kf2 Kh4 76. Kg2 Kh5 77. Kh3 Kxg5 78. Kg3 Kf5 79.
Kf3 g5 80. Kg3 g4 81. Kg2 Kf4 82. Kf2 g3+ 83. Kg2 Kg4 84. Kg1 Kf3 85. Kf1 Kf4
86. Kg2 Kg4 87. Kg1 Kh3 88. Kh1 g2+ 89. Kg1 Kg3 1/2-1/2

[Event "CrunchLab Masters Div 3 W"]
[Site "chess.com INT"]
[Date "2024.07.19"]
[Round "2.3"]
[White "Bok, Benjamin"]
[Black "Erigaisi, Arjun"]
[Result "1/2-1/2"]
[WhiteTitle "GM"]
[BlackTitle "GM"]
[WhiteElo "2587"]
[BlackElo "2778"]
[WhiteFideId "1017063"]
[BlackFideId "35009192"]
[EventDate "2024.07.19"]
[EventType "k.o."]

1. c4 c5 2. Nf3 Nc6 3. Nc3 e6 4. g3 Nf6 5. Bg2 d5 6. cxd5 Nxd5 7. O-O Be7 8. d4
O-O 9. Nxd5 exd5 10. dxc5 Bxc5 11. Bf4 h6 12. Rc1 Bb6 13. Ne5 Qf6 14. Nxc6 bxc6
15. Qc2 Ba6 16. Qxc6 Qxc6 17. Rxc6 Bxe2 18. Re1 Bb5 19. Rc2 Rad8 20. Bf1 Bxf1
21. Kxf1 d4 22. Rd1 Rfe8 23. h4 f6 24. Re2 g5 25. Rxe8+ Rxe8 26. hxg5 hxg5 27.
Bd2 Kf7 28. a4 d3 29. a5 Bd4 30. b4 Rd8 31. Be1 Be5 32. b5 Rd5 33. b6 axb6 34.
axb6 Rb5 35. Rxd3 Rxb6 36. Bd2 Rd6 37. Rxd6 Bxd6 38. g4 Kg6 39. Kg2 f5 40. f3
fxg4 41. fxg4 Bf4 42. Bxf4 gxf4 43. Kf2 Kf6 44. Kg2 Kg6 45. Kf2 Kf6 46. Kg2 Kg6 1/2-1/2

[Event "CrunchLab Masters Div 3 W"]
[Site "chess.com INT"]
[Date "2024.07.19"]
[Round "2.3"]
[White "Bortnyk, Olexandr"]
[Black "Iniyan, Pa"]
[Result "1-0"]
[WhiteTitle "GM"]
[BlackTitle "GM"]
[WhiteElo "2608"]
[BlackElo "2533"]
[WhiteFideId "14120828"]
[BlackFideId "25002767"]
[EventDate "2024.07.19"]
[EventType "k.o."]

1. d4 Nf6 2. Nc3 d5 3. Bf4 e6 4. Nb5 Na6 5. e3 c5 6. c3 Qb6 7. a4 Bd7 8. Nf3 c4
9. b3 Ne4 10. bxc4 dxc4 11. Bxc4 Rc8 12. Ne5 Qa5 13. O-O f6 14. Qh5+ g6 15. Nxg6
hxg6 16. Qxh8 Rxc4 17. Nd6+ Nxd6 18. Bxd6 1-0

[Event "CrunchLab Masters Div 3 W"]
[Site "chess.com INT"]
[Date "2024.07.19"]
[Round "2.3"]
[White "L'Ami, Erwin"]
[Black "Dubov, Daniil"]
[Result "1/2-1/2"]
[WhiteTitle "GM"]
[BlackTitle "GM"]
[WhiteElo "2635"]
[BlackElo "2701"]
[WhiteFideId "1007998"]
[BlackFideId "24126055"]
[EventDate "2024.07.19"]
[EventType "k.o."]

1. d4 Nf6 2. c4 e6 3. Nf3 Bb4+ 4. Bd2 Qe7 5. Nc3 b6 6. e3 Bxc3 7. Bxc3 Ne4 8.
Bd3 Nxc3 9. bxc3 Bb7 10. O-O Nc6 11. Nd2 d6 12. a4 Na5 13. Nb3 Qg5 14. e4 Nxb3
15. Qxb3 O-O 16. f4 Qg4 17. Rae1 f5 18. Qc2 fxe4 19. Bxe4 Bxe4 20. Qxe4 Rae8 21.
h3 Qf5 22. Qxf5 Rxf5 23. d5 e5 24. g4 Rf6 25. fxe5 dxe5 26. Rxf6 gxf6 27. Kf2
Kf7 28. Ke3 h5 29. c5 bxc5 30. Rb1 hxg4 31. hxg4 Ke7 32. Rb7 Kd6 33. c4 Rg8 34.
Kf3 e4+ 35. Kf4 e3 36. Rb2 Re8 37. Re2 Re5 38. a5 a6 39. Kf3 Re8 40. Kf4 Re5 41.
Kf3 1/2-1/2

[Event "CrunchLab Masters Div 3 W"]
[Site "chess.com INT"]
[Date "2024.07.19"]
[Round "2.3"]
[White "Paravyan, David"]
[Black "Vakhidov, Jakhongir"]
[Result "1-0"]
[WhiteTitle "GM"]
[BlackTitle "GM"]
[WhiteElo "2608"]
[BlackElo "2571"]
[WhiteFideId "4194985"]
[BlackFideId "14201801"]
[EventDate "2024.07.19"]
[EventType "k.o."]

1. e4 c5 2. Nf3 g6 3. d4 cxd4 4. Nxd4 Bg7 5. c4 Nc6 6. Be3 Qb6 7. Nb3 Qd8 8. Qd2
Nf6 9. f3 d6 10. Nc3 O-O 11. O-O-O Be6 12. Kb1 a6 13. Nd5 b5 14. cxb5 axb5 15.
a3 b4 16. a4 Nxd5 17. exd5 Bf5+ 18. Bd3 Bxd3+ 19. Qxd3 Ne5 20. Qb5 Rb8 21. Qa6
Qd7 22. Nd4 Ra8 23. Qb5 Qa7 24. Nf5 Qxa4 25. Nxe7+ Kh8 26. Qxa4 Rxa4 27. Kc2 Re8
28. Ra1 Rxa1 29. Rxa1 Nd7 30. Bf4 b3+ 31. Kxb3 Rxe7 32. Ra8+ Nf8 33. Bxd6 Rb7+
34. Kc4 Kg8 35. b4 f5 36. Kc5 Rf7 37. b5 Bh6 38. b6 Be3+ 39. Kc6 Bxb6 40. Kxb6
Kg7 41. Bxf8+ 1-0

[Event "CrunchLab Masters Div 3 W"]
[Site "chess.com INT"]
[Date "2024.07.19"]
[Round "2.3"]
[White "Puranik, Abhimanyu"]
[Black "Beerdsen, Thomas"]
[Result "1-0"]
[WhiteTitle "GM"]
[BlackTitle "GM"]
[WhiteElo "2634"]
[BlackElo "2510"]
[WhiteFideId "5061245"]
[BlackFideId "1030108"]
[EventDate "2024.07.19"]
[EventType "k.o."]

1. Nf3 d5 2. g3 Nc6 3. d4 g6 4. Bg2 Bg7 5. O-O Nf6 6. c3 a5 7. a4 h5 8. Bf4 Bf5
9. Nbd2 e6 10. Nh4 Ne4 11. Nxf5 gxf5 12. Nxe4 fxe4 13. f3 exf3 14. Bxf3 h4 15.
e4 hxg3 16. Bxg3 Ne7 17. Qb3 dxe4 18. Bxe4 Bxd4+ 19. Kg2 Bb6 20. Rad1 Qc8 21.
Qb5+ Kf8 22. Qe5 Rg8 23. Kh1 Nf5 24. Bf4 Nd6 25. Rxd6 cxd6 26. Qxd6+ Ke8 27.
Qxb6 Qc4 28. Qb5+ Qxb5 29. axb5 Rd8 30. Bxb7 Ke7 31. b6 f6 32. Be4 e5 33. Be3 f5
34. Bxf5 Kd6 35. Rd1+ Kc6 36. Be4+ Kb5 37. Rxd8 Rxd8 38. b7 a4 39. Ba7 a3 40.
bxa3 1-0

[Event "CrunchLab Masters Div 3 W"]
[Site "chess.com INT"]
[Date "2024.07.19"]
[Round "2.3"]
[White "Sargsyan, Shant"]
[Black "Santos Latasa, Jaime"]
[Result "1/2-1/2"]
[WhiteTitle "GM"]
[BlackTitle "GM"]
[WhiteElo "2649"]
[BlackElo "2631"]
[WhiteFideId "13306766"]
[BlackFideId "2293307"]
[EventDate "2024.07.19"]
[EventType "k.o."]

1. d4 Nf6 2. Nf3 e6 3. g3 c5 4. c4 cxd4 5. Nxd4 d5 6. Bg2 e5 7. Nf3 d4 8. O-O
Nc6 9. e3 Be7 10. exd4 exd4 11. Bf4 O-O 12. Ne5 Qb6 13. Re1 Be6 14. Nd2 Rfd8 15.
Qb3 Na5 16. Qxb6 axb6 17. b3 Bb4 18. Rad1 Bf5 19. Bf1 Bc2 20. Nd3 Bxd1 21. Nxb4
Bh5 22. Bc7 Rd7 23. Bxb6 Bg6 24. Bh3 Rd6 25. Bc5 Rdd8 26. Bb6 Re8 27. Rxe8+ Nxe8
28. Bxd4 Nc7 29. Bb6 Ne6 30. Nd5 Nc6 31. a4 Bc2 32. Ne3 Bd3 33. Nd5 Bc2 34. Ne3
Bd3 35. Bg2 h6 36. Bxc6 bxc6 37. a5 Kf8 38. b4 Ke8 39. Nb3 Kd7 40. f3 g5 41. Kf2
f5 42. Ke1 f4 43. Kd2 fxg3 44. hxg3 Bb1 45. Ng4 Ba2 46. Nc1 Bb1 47. Nxh6 Rh8 48.
Ng4 Kc8 49. Nb3 Ba2 50. Kc3 Bxb3 51. Kxb3 Rf8 52. Ne5 Kb7 53. Kc3 Rf5 54. Bd4
Rf8 55. Be3 Rf5 56. Bd4 Rf8 57. b5 c5 58. Be3 Rf5 59. a6+ Kc7 60. f4 gxf4 61.
gxf4 Nxf4 62. Bxf4 Rxf4 63. Nc6 Rf3+ 64. Kd2 Rf7 65. Kd3 Rd7+ 66. Ke4 Kb6 67.
Ke5 Rd1 68. Ke6 Rd2 69. Ne5 Kc7 70. Nc6 Kb6 71. Ke7 Rd1 72. Kf6 Rc1 73. Ne5 Rd1
74. Ke7 Kc7 75. Ke6 Rd2 76. Kf5 Rd4 77. Kf6 Rd6+ 78. Ke7 Rd1 79. Ke6 Rd2 1/2-1/2

[Event "CrunchLab Masters Div 3 W"]
[Site "chess.com INT"]
[Date "2024.07.19"]
[Round "2.4"]
[White "Dubov, Daniil"]
[Black "L'Ami, Erwin"]
[Result "1-0"]
[WhiteTitle "GM"]
[BlackTitle "GM"]
[WhiteElo "2701"]
[BlackElo "2635"]
[WhiteFideId "24126055"]
[BlackFideId "1007998"]
[EventDate "2024.07.19"]
[EventType "k.o."]

1. d4 d5 2. c4 c6 3. Nf3 Nf6 4. cxd5 cxd5 5. Nc3 Nc6 6. Bf4 a6 7. Qb3 Na5 8. Qc2
e6 9. e3 Bd7 10. Bd3 Rc8 11. O-O Bb4 12. a4 O-O 13. Bg5 h6 14. Bh4 Be7 15. Ne5
Nc6 16. Qb3 Nxe5 17. dxe5 Ng4 18. Bg3 Bh4 19. Bf4 g5 20. Bg3 Bxg3 21. hxg3 Nxe5
22. Rad1 Bc6 23. Be2 Qe7 24. Rd4 f5 25. f4 Nd7 26. g4 Nc5 27. Qd1 Ne4 28. gxf5
Nxc3 29. bxc3 exf5 30. Bd3 Qxe3+ 31. Kh2 g4 32. Bxf5 Rc7 33. Bxg4 Rg7 34. Rf3
Qe7 35. Bh3 Kh8 36. Qd2 Qf6 37. Re3 Re7 38. Rg3 Re4 39. f5 Rxd4 40. cxd4 Rg8 41.
Re3 Qg5 42. Qf2 Bxa4 43. Re5 Rf8 44. Rxd5 Bc6 45. Re5 Qf6 46. Qe3 Bd7 47. Re7
Qd6+ 48. Kg1 Rf6 49. Qe5 Kg8 50. Rxd7 Qxd7 51. Qxf6 1-0

[Event "CrunchLab Masters Div 3 W"]
[Site "chess.com INT"]
[Date "2024.07.19"]
[Round "2.4"]
[White "Iniyan, Pa"]
[Black "Bortnyk, Olexandr"]
[Result "0-1"]
[WhiteTitle "GM"]
[BlackTitle "GM"]
[WhiteElo "2533"]
[BlackElo "2608"]
[WhiteFideId "25002767"]
[BlackFideId "14120828"]
[EventDate "2024.07.19"]
[EventType "k.o."]

1. d4 d6 2. e4 Nf6 3. Nc3 e5 4. Nf3 Nbd7 5. Be2 Be7 6. O-O O-O 7. a4 a5 8. h3 c6
9. Be3 d5 10. exd5 e4 11. d6 Bxd6 12. Nd2 Re8 13. f3 exf3 14. Rxf3 Nb6 15. Bd3
Nfd5 16. Nxd5 Nxd5 17. Bf2 Nf4 18. Ne4 Rxe4 19. Bxe4 Qg5 20. Bg3 Nxh3+ 21. gxh3
Bxg3 22. Qf1 Bc7+ 23. Qg2 Qh4 24. Re3 Be6 25. Rf1 Bf4 26. Ref3 Bd6 27. Re3 Rd8
28. c3 g6 29. Qf2 Qg5+ 30. Kh1 Rd7 31. Rg1 Qh6 32. Qf3 Re7 33. Rf1 f5 0-1

[Event "CrunchLab Masters Div 3 W"]
[Site "chess.com INT"]
[Date "2024.07.19"]
[Round "2.4"]
[White "Kuzubov, Yuriy"]
[Black "Alekseev, Evgeny"]
[Result "1-0"]
[WhiteTitle "GM"]
[BlackTitle "GM"]
[WhiteElo "2606"]
[BlackElo "2550"]
[WhiteFideId "14112906"]
[BlackFideId "4138147"]
[EventDate "2024.07.19"]
[EventType "k.o."]

1. d4 Nf6 2. Nf3 e6 3. c4 d5 4. Nc3 Bb4 5. Bg5 Nbd7 6. cxd5 exd5 7. Nd2 c6 8. e3
O-O 9. Bd3 Re8 10. Qc2 Nf8 11. a3 Bd6 12. Nf3 Bd7 13. b4 Ng6 14. O-O Bg4 15. Nh4
Bd7 16. h3 Be7 17. Nxg6 hxg6 18. b5 Qa5 19. bxc6 Bxc6 20. Qb3 Rac8 21. Rfc1 a6
22. Be2 Bf8 23. Bh4 Rcd8 24. Bf3 Rd7 25. a4 Qb4 26. Qa2 Qa5 27. Qb3 Qb4 28. Rab1
Qxb3 29. Rxb3 Be7 30. a5 Bd8 31. Ra1 Bc7 32. Na4 Rb8 33. Nc5 Rdd8 34. Rab1 Bb5
35. Rxb5 axb5 36. Rxb5 Ra8 37. Bxf6 gxf6 38. Nxb7 Rdb8 39. Bxd5 Ra7 40. Rb3 Kg7
41. g4 Rh8 42. Kg2 Bxa5 43. Rb5 Bc7 44. Rc5 Bb8 45. Rc2 Ra6 46. Nc5 Rd6 47. Bf3
Rb6 48. Be2 Rd6 49. Bf1 Rb6 50. Ne4 Rd8 51. Nd2 Rb7 52. Ne4 Rb6 53. Ra2 Rc6 54.
Kf3 Rb6 55. Be2 Rc6 56. Rb2 Re6 57. Rb7 Ree8 58. Bc4 Rf8 59. h4 Rc8 60. Bb3 Rc1
61. Bxf7 Rxf7 62. Rxb8 Rh1 63. Kg3 Rg1+ 64. Kh3 Rh1+ 65. Kg3 Rg1+ 66. Kf4 Rh1
67. h5 f5 68. Ng5 Re7 69. gxf5 Rxh5 70. fxg6 Kxg6 71. Nf3 Rf5+ 72. Kg3 Rg7 73.
Nh2 Kh5+ 74. Kh3 Rxf2 75. Rb5+ Rg5 76. Rb8 Re2 77. Re8 Rg7 78. Nf3 Kh6 79. Ne5 1-0

[Event "CrunchLab Masters Div 3 W"]
[Site "chess.com INT"]
[Date "2024.07.19"]
[Round "2.4"]
[White "Santos Latasa, Jaime"]
[Black "Sargsyan, Shant"]
[Result "0-1"]
[WhiteTitle "GM"]
[BlackTitle "GM"]
[WhiteElo "2631"]
[BlackElo "2649"]
[WhiteFideId "2293307"]
[BlackFideId "13306766"]
[EventDate "2024.07.19"]
[EventType "k.o."]

1. Nf3 d5 2. e3 Nf6 3. c4 e6 4. b3 Bd6 5. Bb2 O-O 6. Be2 Re8 7. d4 b6 8. O-O Bb7
9. Nbd2 Nbd7 10. Ne5 c5 11. Nxd7 Nxd7 12. cxd5 Bxd5 13. e4 Bb7 14. Nc4 Be7 15.
e5 Nf8 16. Bf3 Bxf3 17. Qxf3 b5 18. Na3 a6 19. Nc2 Ng6 20. Rfd1 Qc7 21. Qe4 Rac8
22. Ne3 cxd4 23. Bxd4 Qc6 24. Qg4 Red8 25. g3 Rd7 26. h4 h6 27. h5 Nf8 28. Bb2
Rxd1+ 29. Rxd1 Rd8 30. Rc1 Qb7 31. Rc2 Bg5 32. f4 Qe4 33. Kf2 Rd3 34. Re2 Be7
35. Qf3 Qb4 36. Qc6 Bc5 37. Kf3 Bxe3 38. Rxe3 Qd2 39. Rxd3 Qxd3+ 40. Kf2 Qd2+
41. Kf1 Qxb2 42. Qxa6 b4 43. Qa8 Qh2 44. Qb7 Qxg3 45. Qxb4 Qf3+ 46. Kg1 Qd1+ 47.
Kg2 Qe2+ 48. Kg3 Qxa2 49. Qb8 Qb1 50. b4 g6 51. b5 Kg7 52. Qb7 gxh5 53. b6 Ng6
54. Qc6 h4+ 55. Kh2 Nxf4 56. b7 Qb2+ 57. Kh1 h3 58. Qf3 Nd5 59. Qg3+ Kf8 60. Qh4
Qxb7 61. Qxh6+ Ke8 62. Qh8+ Kd7 63. Qf8 Qb1+ 64. Kh2 Qc2+ 65. Kxh3 Qf5+ 66. Kg2
Ne3+ 67. Kg3 Qxe5+ 68. Kf3 Nf5 69. Qxf7+ Ne7 70. Kg2 Qg5+ 71. Kh2 Qh6+ 0-1

[Event "CrunchLab Masters Div 3 W"]
[Site "chess.com INT"]
[Date "2024.07.19"]
[Round "2.4"]
[White "Svane, Rasmus"]
[Black "Anton Guijarro, David"]
[Result "1/2-1/2"]
[WhiteTitle "GM"]
[BlackTitle "GM"]
[WhiteElo "2633"]
[BlackElo "2669"]
[WhiteFideId "4657101"]
[BlackFideId "2285525"]
[EventDate "2024.07.19"]
[EventType "k.o."]

1. Nf3 d5 2. d4 e6 3. Bf4 Nf6 4. e3 c5 5. Nbd2 Nc6 6. c3 cxd4 7. exd4 Nh5 8. Be3
Bd6 9. Bd3 Nf4 10. Bxf4 Bxf4 11. O-O O-O 12. g3 Bh6 13. Re1 Bd7 14. Nb3 Qc7 15.
Qc2 g6 16. Re2 a5 17. Nc5 Bc8 18. a4 b6 19. Nb3 Bd7 20. Bb5 Rac8 21. Qd3 Bg7 22.
h4 Ne7 23. Bxd7 Qxd7 24. h5 Nf5 25. Kg2 Nd6 26. Ne5 Qb7 27. Rh1 Ne4 28. hxg6
hxg6 29. Qe3 Qe7 30. Nd2 Nxd2 31. Qxd2 Rfd8 32. Qf4 Qf6 33. Qg4 Qf5 34. Qh4 Kf8
35. Re3 Qh5 36. Qxh5 gxh5 37. Rxh5 Bxe5 38. Rhxe5 Rc4 39. b3 Rc6 40. Rd3 Rdc8
41. Ree3 Rb8 42. Re5 b5 43. f4 bxa4 44. bxa4 Rb3 45. f5 Rcxc3 46. Rxc3 Rxc3 47.
fxe6 fxe6 48. Rxe6 Rc4 49. Re5 Rxd4 50. Kf3 Kf7 51. g4 1/2-1/2

[Event "CrunchLab Masters Div 3 W"]
[Site "chess.com INT"]
[Date "2024.07.19"]
[Round "2.4"]
[White "Vakhidov, Jakhongir"]
[Black "Paravyan, David"]
[Result "1-0"]
[WhiteTitle "GM"]
[BlackTitle "GM"]
[WhiteElo "2571"]
[BlackElo "2608"]
[WhiteFideId "14201801"]
[BlackFideId "4194985"]
[EventDate "2024.07.19"]
[EventType "k.o."]

1. c4 e5 2. Nc3 Nf6 3. Nf3 Nc6 4. g3 d5 5. cxd5 Nxd5 6. Bg2 Bc5 7. O-O O-O 8. d3
Re8 9. Bg5 Nxc3 10. bxc3 f6 11. Bc1 Be6 12. Nd2 Qd7 13. a4 Rad8 14. Nb3 Bf8 15.
Be3 b6 16. Re1 a5 17. Qc2 h5 18. Nd2 Ne7 19. Nf3 Nf5 20. Bc1 Bc5 21. Bb2 Qf7 22.
e4 Bb3 23. Qc1 Ne7 24. d4 exd4 25. cxd4 Bb4 26. Re3 Qc4 27. Bc3 Nd5 28. Nd2 Qxc3
29. Rxc3 Nxc3 30. Bf3 Bf7 31. Ra3 Bxa3 32. Qxa3 Na2 33. Bxh5 Bxh5 34. Qxa2+ Bf7
35. Qb2 f5 36. f3 fxe4 37. fxe4 Bg6 38. Qb3+ Kh7 39. Qe3 Kh8 40. e5 c5 41. Nf3
Bh5 42. Nh4 Rxd4 43. Qg5 Bd1 44. Nf5 Rd7 45. Nd6 Rf8 46. Qh4+ Kg8 47. Qc4+ Kh8
48. Qd3 Bg4 49. Qg6 Bf3 50. h4 c4 51. h5 c3 52. h6 gxh6 53. Qxh6+ Kg8 54. Qe6+
Rdf7 55. Nxf7 Rxf7 56. Qc8+ Kg7 57. Qxc3 Kf8 58. Qc8+ 1-0

[Event "CrunchLab Masters Div 3 W"]
[Site "chess.com INT"]
[Date "2024.07.19"]
[Round "2.5"]
[White "Alekseev, Evgeny"]
[Black "Kuzubov, Yuriy"]
[Result "1-0"]
[WhiteTitle "GM"]
[BlackTitle "GM"]
[WhiteElo "2550"]
[BlackElo "2606"]
[WhiteFideId "4138147"]
[BlackFideId "14112906"]
[EventDate "2024.07.19"]
[EventType "k.o."]

1. e4 e5 2. Bc4 Nf6 3. d3 c6 4. Nf3 d5 5. Bb3 Bb4+ 6. Bd2 Bxd2+ 7. Qxd2 a5 8. a3
O-O 9. Nxe5 dxe4 10. d4 Nbd7 11. Nc3 Nxe5 12. dxe5 Qxd2+ 13. Kxd2 Ng4 14. Nxe4
Nxe5 15. Rae1 a4 16. Ba2 Ra5 17. Kc3 b6 18. f4 Ng6 19. g3 Ne7 20. Rd1 Bg4 21.
Rd6 Nd5+ 22. Kd2 Re8 23. Re1 Kf8 24. Rxc6 Bf3 25. Nc3 Nxc3 26. Rxe8+ Kxe8 27.
Rxc3 Bd5 28. Re3+ Kf8 29. Bxd5 Rxd5+ 30. Rd3 Rb5 31. b4 axb3 32. cxb3 Ke7 33. b4
h5 34. Kc3 h4 35. Kc4 Rf5 36. Rd5 Rf6 37. Kb5 hxg3 38. hxg3 Rg6 39. Rd3 f5 40.
a4 Ke8 41. Rd5 Rxg3 42. Kxb6 g5 43. Rxf5 g4 44. Rg5 Rb3 45. b5 g3 46. a5 Kf7 47.
a6 Ra3 48. a7 1-0